Nommez un drapeau de pays valide - Statistiques

Statistiques générales
  • Ce quiz a été pris 622 fois
  • Le résultat moyen est 12 sur 18
Statistiques - réponses
Nommez un drapeau de pays... # Pays % Correct
contenant plus de dix étoiles 3 Brésil | États-Unis | Ouzbékistan
98%
contenant des écritures en langue arabe 6 Afghanistan | Brunei | Égypte | Iran | Irak | Arabie Saoudite
94%
contenant plus de 90% de rouge 6 Chine | Kirghizistan | Maroc | Turquie | Tunisie | Viêt Nam
92%
qui est à moitié d'une couleur, à moitié d'une autre couleur, et rien d'autre 4 Indonésie | Monaco | Pologne | Ukraine
90%
d'un pays européen qui ne contient que du rouge, du blanc et du vert 4 Biélorussie | Bulgarie | Hongrie | Italie
88%
avec le soleil dessus 17 Antigua-et-Barbuda | Argentine | Bangladesh | Équateur | Japon | Kazakhstan | Kiribati | Kirghizistan | Malawi | Namibie | Népal | Niger | Macédoine du Nord | Philippines | Rwanda | Taïwan | Uruguay
87%
qui contient au moins 5% orange 10 Arménie | Bhoutan | Chypre | Inde | Irlande | Côte d'Ivoire | Îles Marshall | Niger | Sri Lanka | Zambie
83%
avec l'Union Jack 5 Australie | Fidji | Nouvelle-Zélande | Tuvalu | Royaume-Uni
83%
qui n'est pas rectangulaire ni carré 1 Népal
76%
en forme carré 2 Vatican | Suisse
71%
contenant un aigle à deux têtes 3 Albanie | Monténégro | Serbie
70%
dont les couleurs sont uniquement le rouge, le jaune et le vert 10 Bénin | Burkina Faso | Cameroun | Grenade | Guinée | Lituanie | Mali | Mauritanie | République du Congo | Sénégal
70%
qui a été adopté après le 1er janvier 2010 6 Afghanistan | Libye | Malawi | Mauritanie | Birmanie | Soudan du Sud
50%
d'un pays insulaire européen qui ne contient pas de croix 1 Irlande
47%
avec un lion 4 Fidji | Monténégro | Espagne | Sri Lanka
37%
avec la Croix du Sud 5 Australie | Brésil | Nouvelle-Zélande | Papouasie-Nouvelle-Guinée | Samoa
31%
d'un pays d'Asie avec une croix 1 Géorgie
29%
sans les couleurs rouge, blanc ou bleu 1 Jamaïque
19%
Aucun quiz correspondant
Distribution des résultats
% des personnes avec chaque résultat
Percentile par nombre de réponses
Votre historique - résultats
Vous n’avez pas pris ce quiz